Women, authority & the Bible / (Record no. 10620)

MARC details
000 -LEADER
fixed length control field 03144cam a2200349 a 4500
001 - CONTROL NUMBER
control field 13358758
003 - CONTROL NUMBER IDENTIFIER
control field OCoLC
005 - DATE AND TIME OF LATEST TRANSACTION
control field 20250204145438.0
008 - FIXED-LENGTH DATA ELEMENTS--GENERAL INFORMATION
fixed length control field 860312s1986 ilu b 100 0 eng
020 ## - INTERNATIONAL STANDARD BOOK NUMBER
International Standard Book Number 0877846081
Qualifying information (pbk.)
020 ## - INTERNATIONAL STANDARD BOOK NUMBER
International Standard Book Number 9780877846086
Qualifying information (pbk.)
035 ## - SYSTEM CONTROL NUMBER
System control number (OCoLC)13358758
Canceled/invalid control number (OCoLC)70407152
040 ## - CATALOGING SOURCE
Original cataloging agency DLC
Language of cataloging eng
Transcribing agency DLC
Modifying agency ZID
-- OCL
-- LVB
-- BAKER
-- YDXCP
-- WY@
-- GEBAY
-- BDX
-- CFT
-- OCLCQ
-- CFT
-- OCLCF
-- OCLCO
-- IOO
-- OCLCQ
-- OCL
-- OCLCO
-- DML
-- OCLCO
-- OCLCA
-- DHA
-- OCLCO
-- FCX
-- OCLCO
-- SJG
-- OCLCO
082 04 - DEWEY DECIMAL CLASSIFICATION NUMBER
Classification number 261.8344
Edition information 19
Item number WOM 1
245 00 - TITLE STATEMENT
Title Women, authority & the Bible /
Statement of responsibility, etc. edited by Alvera Mickelsen
260 ## - PUBLICATION, DISTRIBUTION, ETC.
Place of publication, distribution, etc. Downers Grove, Ill. :
Name of publisher, distributor, etc. InterVarsity Press,
Date of publication, distribution, etc. ©1986
300 ## - PHYSICAL DESCRIPTION
Extent 304 pages ;
Dimensions 21 cm
336 ## - CONTENT TYPE
Content type term text
Content type code txt
Source rdacontent
337 ## - MEDIA TYPE
Media type term unmediated
Media type code n
Source rdamedia
338 ## - CARRIER TYPE
Carrier type term volume
Carrier type code nc
Source rdacarrier
500 ## - GENERAL NOTE
General note Selected papers from the Evangelical Colloquium on Women and the Bible, held Oct. 9-11, 1984, Oak Brook, Illinois
504 ## - BIBLIOGRAPHY, ETC. NOTE
Bibliography, etc. note Includes bibliographical references
505 0# - FORMATTED CONTENTS NOTE
Formatted contents note Why we're here / Patricia Gundry -- Response / Gretchen Gaebelein Hull -- Biblical authority & interpretation / Robert K. Johnston -- Biblical authority & feminist aspirations / Roger Nicole -- Biblical authority & the issues in questioin / Clark H. Pinnock -- Response to Pinnock, Nicole and Johnston / Stanley N. Gundry -- Authority, hierarchy & leadership patterns in the Bible / Richard N. Longnecker -- Response / Willard M. Swartley -- Response / Marianne Meye Thompson -- What does kephalē mean in the New Testament? / Berkeley & Alvera Mickelsen -- Response / Ruth A. Tucker -- Response / Philip Barton Payne -- Women, submission & ministry in 1 Corinthians / Walter L. Liefeld -- Response / Alan F. Johnson -- Galatians 3:28 : conundrum or solution? / Klyne R. Snodgrass -- Response / Susie C. Stanley -- Response / W. Ward Gasque -- 1 Timothy 2:9-15 & the place of women in the church's ministry / David M. Scholer -- 1 Timothy 2:12 : a classicist's view / Catherine Clark Kroeger -- Response / Walter L. Liefeld -- Response to Scholer and Kroeger / Nancy Wiles Holsey -- Strategies for change / Joan D. Flikkema -- Response / Frances F. Hiebert -- Response / Timothy P. Weber -- Hearing the cry / Nicholas Wolterstorff -- Understanding the differences / J.I. Packer -- Turning reality into dreams / Jeannette F. Scholer
520 ## - SUMMARY, ETC.
Summary, etc. The twenty-six evangelical leaders represented here, all participants in the Evangelical Colloquium on Women and the Bible, ask the hard questions about women's roles. Not all of them agree on everything. But they do agree that we must begin with the question, "What does the Bible teach?" They also agree that too often poor exegesis has been used to advocate positions on either side. Here support for women's ministry allies itself with scholarly rigor in the effort to break new ground
630 00 - SUBJECT ADDED ENTRY--UNIFORM TITLE
Uniform title Bible
General subdivision Evidences, authority, etc.
Form subdivision Congresses
650 #0 - SUBJECT ADDED ENTRY--TOPICAL TERM
Topical term or geographic name entry element Women
General subdivision Biblical teaching
Form subdivision Congresses
655 #2 - INDEX TERM--GENRE/FORM
Genre/form data or focus term Congress
655 #7 - INDEX TERM--GENRE/FORM
Genre/form data or focus term Congresses.
Source of term lcgft
655 #7 - INDEX TERM--GENRE/FORM
Genre/form data or focus term Conference papers and proceedings.
Source of term lcgft
700 1# - ADDED ENTRY--PERSONAL NAME
Personal name Mickelsen, Alvera
942 ## - ADDED ENTRY ELEMENTS (KOHA)
Source of classification or shelving scheme Dewey Decimal Classification
Koha item type Books
Suppress in OPAC No
Holdings
Withdrawn status Lost status Source of classification or shelving scheme Damaged status Not for loan Collection Home library Current Library Shelving location Date acquired Total checkouts Full call number Barcode Date last seen Copy number Price effective from Koha item type
    Dewey Decimal Classification     Ministry GRACE BIBLE COLLEGE GRACE BIBLE COLLEGE Ministry & Mission 2025-02-04   261.8344 WOM 020985 2025-05-01 c.1 2025-02-04 Books
© Grace Bible College Library 2025